Punjabi adbi manzar / (Record no. 525384)

000 -LEADER
fixed length control field 00552nam a22001937a 4500
003 - CONTROL NUMBER IDENTIFIER
control field NUST
005 - DATE AND TIME OF LATEST TRANSACTION
control field 20190702044621.0
008 - FIXED-LENGTH DATA ELEMENTS--GENERAL INFORMATION
fixed length control field 190702b ||||| |||| 00| 0 eng d
038 ## - RECORD CONTENT LICENSOR
Staff Name Waseem
082 ## - DEWEY DECIMAL CLASSIFICATION NUMBER
Classification number 891.431092
Author Mark SYE
100 ## - MAIN ENTRY--PERSONAL NAME
Personal name jafri, Syed Akhtar
9 (RLIN) 16242
245 ## - TITLE STATEMENT
Title Punjabi adbi manzar /
Statement of responsibility, etc. Syed Akhtar Jafri
260 ## - PUBLICATION, DISTRIBUTION, ETC.
Place of publication, distribution, etc. Lahore :
Name of publisher, distributor, etc. Imporiyam publisher,
Date of publication, distribution, etc. 2000.
300 ## - PHYSICAL DESCRIPTION
Extent 318 p. ;
500 ## - GENERAL NOTE
General note paperback.
880 ## - ALTERNATE GRAPHIC REPRESENTATION
Linkage 100-01\r
Title سید اختر جعفری
880 ## - ALTERNATE GRAPHIC REPRESENTATION
Title 245-02\r
b پنجابی ادبی منظر /
942 ## - ADDED ENTRY ELEMENTS (KOHA)
Source of classification or shelving scheme
Koha item type Book
Holdings
Withdrawn status Lost status Source of classification or shelving scheme Damaged status Not for loan Permanent Location Current Location Date acquired Total Checkouts Full call number Barcode Date last seen Price effective from Koha item type
          Central Library (CL) Central Library (CL) 07/02/2019   891.431092 SYE CL-E-389 07/02/2019 07/02/2019 Book
© 2023 Central Library, National University of Sciences and Technology. All Rights Reserved.